[Event "25. Open Internacional de Parla 2010"]
[Site "Parla ESP"]
[Date "2010.09.10"]
[Round "7.20"]
[White "Lozano Sanchez, Jose Antonio"]
[Black "Alcaraz Amoros, Antonio"]
[Result "1/2-1/2"]
[WhiteElo "1914"]
[BlackElo "2143"]
[PlyCount "147"]
[EventDate "2010.09.04"]
[EventType "swiss"]
[EventRounds "9"]
[EventCountry "ESP"]
[Source "lmi"]
[SourceDate "2010.09.04"]

1. e4 c6 2. Nf3 d5 3. exd5 cxd5 4. d4 Nc6 5. Bf4 Bg4 6. Be2 Nf6 7. c3 Qb6 8.
Qb3 Qxb3 9. axb3 Rc8 10. h3 Bh5 11. Nbd2 e6 12. O-O Ne4 13. Rfe1 Nxd2 14. Nxd2
Bxe2 15. Rxe2 Be7 16. Nf3 O-O 17. Ne5 Nxe5 18. Bxe5 a6 19. Rae1 Rc6 20. Kf1 Ra8
21. Ra1 Rcc8 22. Ke1 a5 23. Kd1 b5 24. Kd2 Kf8 25. Kd3 a4 26. b4 Ra6 27. Ra3
Rac6 28. Ra1 Rc4 29. f3 f6 30. Bg3 Kf7 31. Rae1 R4c6 32. Ra1 Bf8 33. Rae1 a3
34. Rb1 axb2 35. Be1 Ra8 36. Rexb2 Rca6 37. Kc2 Bd6 38. Bd2 e5 39. Kd3 Rc6 40.
Re1 Rc4 41. Be3 Ra3 42. Rc2 Bxb4 43. dxe5 fxe5 44. Bd2 Bd6 45. Ke2 b4 46. Rec1
bxc3 47. Rxc3 Raxc3 48. Rxc3 Rxc3 49. Bxc3 g6 50. Kd3 Ke6 51. Bd2 Bc5 52. Bh6
Be7 53. Bd2 h5 54. Be1 Kf5 55. Bg3 e4+ 56. fxe4+ dxe4+ 57. Ke2 Bc5 58. Bc7 Bd4
59. Bd6 Be5 60. Bc5 Bf4 61. Bb6 g5 62. Bf2 h4 63. Bc5 Bc1 64. Bd6 Bf4 65. Bc5
g4 66. Bb6 gxh3 67. gxh3 Bg5 68. Bc7 Ke6 69. Bb8 Kf5 70. Bc7 Bf4 71. Bd8 Bg3
72. Ke3 Ke5 73. Ke2 Kd4 74. Bb6+ 1/2-1/2

[Event "25. Open Internacional de Parla 2010"]
[Site "Parla ESP"]
[Date "2010.09.10"]
[Round "7.21"]
[White "Sanchez-Guijaldo Vela, Demetrio"]
[Black "Piña Sierra, Jesus"]
[Result "0-1"]
[WhiteElo "2128"]
[BlackElo "2013"]
[PlyCount "77"]
[EventDate "2010.09.04"]
[EventType "swiss"]
[EventRounds "9"]
[EventCountry "ESP"]
[Source "lmi"]
[SourceDate "2010.09.04"]

1. e4 c5 2. Nf3 Nc6 3. Bb5 e6 4. Bxc6 bxc6 5. d3 g6 6. O-O Bg7 7. Nc3 Ne7 8.
Be3 d6 9. Qd2 e5 10. Bh6 O-O 11. h3 f5 12. Bxg7 Kxg7 13. exf5 Bxf5 14. Nh2 Nd5
15. Nxd5 cxd5 16. f4 Qh4 17. fxe5 dxe5 18. Nf3 Qg3 19. Qe1 Qxe1 20. Raxe1 e4
21. dxe4 dxe4 22. Ng5 Rae8 23. g4 h6 24. gxf5 hxg5 25. fxg6 Rxf1+ 26. Kxf1 Kxg6
27. Kf2 Kf5 28. Ke3 Rh8 29. Rf1+ Ke5 30. Rh1 Rh4 31. Kf2 g4 32. Kg2 gxh3+ 33.
Kg3 Rh7 34. Rh2 Kd4 35. Kf2 Rf7+ 36. Ke2 Rf3 37. Kd2 Rg3 38. Ke1 Rg1+ 39. Kf2
0-1

[Event "25. Open Internacional de Parla 2010"]
[Site "Parla ESP"]
[Date "2010.09.10"]
[Round "7.22"]
[White "Arauz Alonso, Fernando"]
[Black "Perez Cameselle, Francisco"]
[Result "1-0"]
[WhiteElo "2098"]
[BlackElo "1917"]
[PlyCount "95"]
[EventDate "2010.09.04"]
[EventType "swiss"]
[EventRounds "9"]
[EventCountry "ESP"]
[Source "lmi"]
[SourceDate "2010.09.04"]

1. d4 Nf6 2. Nf3 g6 3. Bf4 d6 4. e3 Nbd7 5. h3 Bg7 6. Be2 O-O 7. O-O Qe8 8. c4
e5 9. Bh2 Qe7 10. Nc3 e4 11. Nd2 c5 12. dxc5 Nxc5 13. b4 Na6 14. Qb3 h5 15.
Rac1 Bf5 16. Rfd1 Rfd8 17. Nf1 h4 18. Rd2 Nc7 19. Rcd1 Nfe8 20. a4 Qf6 21. Rc2
g5 22. g4 hxg3 23. Nxg3 Bxh3 24. Ngxe4 Qf5 25. Nxd6 Nxd6 26. Rxd6 Be5 27. Bxe5
Qxe5 28. c5 Rxd6 29. cxd6 Qxd6 30. Ne4 Qe5 31. Qd3 Bf5 32. Rxc7 Bxe4 33. Qc3
Qxc3 34. Rxc3 Kf8 35. Rc7 Re8 36. f3 Bg6 37. Rxb7 Rxe3 38. Kf2 Re7 39. Rb8+ Kg7
40. a5 Kf6 41. a6 Bc2 42. b5 Bb3 43. b6 axb6 44. Rxb6+ Be6 45. Bb5 Ke5 46. Rb7
Kd6 47. Rxe7 Kxe7 48. Bc6 1-0

[Event "25. Open Internacional de Parla 2010"]
[Site "Parla ESP"]
[Date "2010.09.10"]
[Round "7.23"]
[White "Garcia Lopez, Luis Manuel"]
[Black "Martin Garcia, Guillermo"]
[Result "1/2-1/2"]
[WhiteElo "2094"]
[BlackElo "1863"]
[PlyCount "82"]
[EventDate "2010.09.04"]
[EventType "swiss"]
[EventRounds "9"]
[EventCountry "ESP"]
[Source "lmi"]
[SourceDate "2010.09.04"]

1. e4 e5 2. Bc4 Nc6 3. Nf3 Bc5 4. c3 Nf6 5. d4 exd4 6. cxd4 Bb4+ 7. Nc3 Nxe4 8.
O-O Bxc3 9. d5 Ne5 10. bxc3 Nxc4 11. Qd4 O-O 12. Qxe4 Nd6 13. Qf4 Re8 14. Ba3
Re4 15. Qd2 Nc4 16. Qd3 f5 17. Rae1 Nxa3 18. Rxe4 fxe4 19. Qxe4 Nb5 20. d6 Nxd6
21. Qd5+ Kh8 22. Re1 Rb8 23. Ng5 b6 24. Nxh7 Kxh7 25. Re3 Qh4 26. Rh3 Qxh3 27.
gxh3 Bb7 28. Qh5+ Kg8 29. Qg4 Re8 30. f3 Bc6 31. h4 Re3 32. h5 Bxf3 33. Qxd7
Bxh5 34. Qxc7 Re1+ 35. Kf2 Re2+ 36. Kf1 Nf5 37. Qc8+ Re8 38. Qd7 Ne3+ 39. Kg1
a5 40. Qc6 Bf7 41. Qxb6 Bxa2 1/2-1/2

[Event "25. Open Internacional de Parla 2010"]
[Site "Parla ESP"]
[Date "2010.09.10"]
[Round "7.24"]
[White "Tipter, Napoleon"]
[Black "Lopez Garralon, Miguel"]
[Result "1-0"]
[WhiteElo "2027"]
[BlackElo "1788"]
[PlyCount "71"]
[EventDate "2010.09.04"]
[EventType "swiss"]
[EventRounds "9"]
[EventCountry "ESP"]
[Source "lmi"]
[SourceDate "2010.09.04"]

1. e4 d6 2. d4 Nf6 3. Nc3 Nbd7 4. Nf3 e5 5. Bc4 Be7 6. O-O h6 7. Re1 c6 8. a4
Qc7 9. a5 Nf8 10. Qd3 Ng6 11. Ne2 O-O 12. Bb3 Re8 13. Ng3 Bf8 14. c3 Bd7 15.
Bd2 Rad8 16. Qc2 Bg4 17. Re3 Nf4 18. Nh4 g5 19. Nhf5 d5 20. dxe5 Rxe5 21. exd5
N6xd5 22. Rxe5 Qxe5 23. Re1 Ne2+ 24. Kf1 Nxg3+ 25. Nxg3 Qd6 26. h3 Be6 27. Ba2
Nb4 28. cxb4 Bxa2 29. Bc3 Bc4+ 30. Kg1 Bd3 31. Qc1 Qg6 32. Qe3 a6 33. Rd1 Rd5
34. Qe8 Qe6 35. Qb8 Rd7 36. Nh5 1-0

[Event "25. Open Internacional de Parla 2010"]
[Site "Parla ESP"]
[Date "2010.09.10"]
[Round "7.25"]
[White "Martin Espeja, Jorge Juan"]
[Black "Cabañas Bravo, Juan Andres"]
[Result "0-1"]
[WhiteElo "1884"]
[BlackElo "2049"]
[PlyCount "99"]
[EventDate "2010.09.04"]
[EventType "swiss"]
[EventRounds "9"]
[EventCountry "ESP"]
[Source "lmi"]
[SourceDate "2010.09.04"]

1. e4 e5 2. Nf3 Nc6 3. Bb5 a6 4. Ba4 Nf6 5. d3 b5 6. Bb3 Bc5 7. Bg5 h6 8. Bh4
g5 9. Bg3 d6 10. h3 Ne7 11. Nc3 Bb7 12. h4 g4 13. Nh2 Qd7 14. Nf1 Ng6 15. Qd2
Nh5 16. O-O-O O-O-O 17. Ne3 c6 18. Nf5 Ngf4 19. Bxf4 exf4 20. d4 Bb4 21. Qe2
Nf6 22. f3 g3 23. Qd3 Qc7 24. a3 Ba5 25. Ne2 c5 26. dxc5 dxc5 27. Nd6+ Kb8 28.
e5 c4 29. Bxc4 bxc4 30. Qxc4 Nh5 31. Qb3 Rhf8 32. Rd4 f6 33. Rhd1 fxe5 34. Nxb7
Qxb7 35. Rxd8+ Rxd8 36. Rxd8+ Bxd8 37. Qe6 Qc7 38. Qxa6 Nf6 39. Nc3 Qb6 40. Qd3
Qg1+ 41. Qd1 Qxd1+ 42. Kxd1 h5 43. Ke2 Ne8 44. Nd5 Bxh4 45. c4 Bd8 46. b4 Nd6
47. c5 Nc4 48. a4 h4 49. b5 Nb2 50. Nc3 0-1

[Event "25. Open Internacional de Parla 2010"]
[Site "Parla ESP"]
[Date "2010.09.10"]
[Round "7.26"]
[White "Rodrigo Yanguas, Maria"]
[Black "Gomez Feria, Jose Maria"]
[Result "1-0"]
[WhiteElo "2095"]
[BlackElo "1895"]
[PlyCount "73"]
[EventDate "2010.09.04"]
[EventType "swiss"]
[EventRounds "9"]
[EventCountry "ESP"]
[Source "lmi"]
[SourceDate "2010.09.04"]

1. e4 c5 2. Nf3 e6 3. d4 cxd4 4. Nxd4 Nc6 5. Nc3 a6 6. Nxc6 bxc6 7. e5 f6 8.
Bd3 f5 9. O-O d6 10. exd6 Bxd6 11. Re1 Ne7 12. Bc4 Kf7 13. Qf3 g6 14. Ne4 h6
15. Nxd6+ Qxd6 16. Bf4 Qc5 17. Qc3 Nd5 18. Qxh8 Nxf4 19. Qh7+ Kf6 20. Qh8+ Kf7
21. Bb3 Qf8 22. Qe5 Nd5 23. c4 Nf6 24. Rad1 c5 25. Rd6 Qe7 26. Rc6 Bd7 27. Rc7
Rc8 28. Rxc8 Bxc8 29. Rd1 Bb7 30. Qd6 g5 31. Ba4 e5 32. Bc6 Bc8 33. Bd5+ Kf8
34. Qb8 Qe8 35. Bb7 Bd7 36. Qxe8+ Kxe8 37. Bxa6 1-0

[Event "25. Open Internacional de Parla 2010"]
[Site "Parla ESP"]
[Date "2010.09.10"]
[Round "7.27"]
[White "Martin Duque, Jesus"]
[Black "Pablos Tenrero, Raquel"]
[Result "1-0"]
[WhiteElo "2073"]
[BlackElo "1884"]
[PlyCount "47"]
[EventDate "2010.09.04"]
[EventType "swiss"]
[EventRounds "9"]
[EventCountry "ESP"]
[Source "lmi"]
[SourceDate "2010.09.04"]

1. e4 e5 2. Nf3 Nc6 3. Bc4 Bc5 4. c3 Nf6 5. d3 a6 6. Bb3 d6 7. Nbd2 O-O 8. Nf1
Ne7 9. Ng3 Ng6 10. O-O Ba7 11. h3 Be6 12. d4 exd4 13. cxd4 Bxb3 14. Qxb3 Rb8
15. e5 dxe5 16. dxe5 Nd5 17. Bg5 Qd7 18. Rad1 c6 19. Qd3 Qc7 20. Qf5 Rbe8 21.
Nh5 Re6 22. Nxg7 Kxg7 23. Rxd5 cxd5 24. Bf6+ 1-0

[Event "25. Open Internacional de Parla 2010"]
[Site "Parla ESP"]
[Date "2010.09.10"]
[Round "7.28"]
[White "Tarin Casado, Francisco"]
[Black "Gomez Gonzalez, Javier"]
[Result "0-1"]
[WhiteElo "1915"]
[BlackElo "2016"]
[PlyCount "98"]
[EventDate "2010.09.04"]
[EventType "swiss"]
[EventRounds "9"]
[EventCountry "ESP"]
[Source "lmi"]
[SourceDate "2010.09.04"]

1. b3 Nf6 2. Bb2 c5 3. e3 Nc6 4. f4 d6 5. Nf3 Bf5 6. Bb5 Qb6 7. a4 a6 8. Bxc6+
Qxc6 9. d3 h5 10. e4 Nxe4 11. dxe4 Qxe4+ 12. Qe2 Qxc2 13. Qxc2 Bxc2 14. Nbd2 e6
15. Kf2 f6 16. Rhe1 Kf7 17. Re3 h4 18. Rc1 Bf5 19. Nc4 b5 20. Nb6 Ra7 21. a5
Be7 22. Ree1 h3 23. Rg1 hxg2 24. Rxg2 Rh3 25. Nc8 Rc7 26. Nxe7 Rxe7 27. Rcg1 g6
28. Rg3 Rh6 29. b4 cxb4 30. Rc1 Be4 31. h3 Rh5 32. Ke3 Bb7 33. Rcg1 Rh6 34. Rc1
e5 35. fxe5 dxe5 36. Rf1 Ke6 37. Rfg1 Rc7 38. Kd2 Be4 39. Ne1 Rh8 40. Re3 Bf5
41. Rgg3 Rd8+ 42. Ke2 Bc2 43. Nd3 Bxd3+ 44. Rxd3 Rc2+ 45. Ke3 Rxd3+ 46. Kxd3
Rxb2 47. Rxg6 Rb3+ 48. Kc2 Rxh3 49. Rg4 Ra3 0-1

[Event "25. Open Internacional de Parla 2010"]
[Site "Parla ESP"]
[Date "2010.09.10"]
[Round "7.29"]
[White "Cavalle Pulla, Daniel"]
[Black "Madurga Lopez, Ignacio"]
[Result "1-0"]
[WhiteElo "1847"]
[BlackElo "2010"]
[PlyCount "123"]
[EventDate "2010.09.04"]
[EventType "swiss"]
[EventRounds "9"]
[EventCountry "ESP"]
[Source "lmi"]
[SourceDate "2010.09.04"]

1. e4 c5 2. Nc3 d6 3. Bb5+ Bd7 4. Bxd7+ Qxd7 5. f4 Nc6 6. Nf3 g6 7. O-O Bg7 8.
d3 e6 9. Kh1 Nge7 10. Qe1 Nd4 11. Nxd4 cxd4 12. Ne2 Rc8 13. c4 dxc3 14. Nxc3
O-O 15. Be3 d5 16. Bxa7 d4 17. Ne2 Qa4 18. Bb6 Nc6 19. e5 Qb5 20. Bxd4 Nxd4 21.
Nxd4 Qxb2 22. Qf2 Qxf2 23. Rxf2 Rfd8 24. Nb5 Rxd3 25. Rb1 Bf8 26. g3 b6 27.
Rbb2 Rc1+ 28. Kg2 Bc5 29. Rfd2 Rg1+ 30. Kh3 Rd1 31. Rxd1 Rxd1 32. Nc3 Rd4 33.
Re2 Rd3 34. Ne4 Re3 35. Nf6+ Kg7 36. Rd2 Be7 37. Ne8+ Kf8 38. Nd6 g5 39. Kg4
gxf4 40. gxf4 Rc3 41. h4 Rc1 42. Ne4 Rh1 43. Nf6 Kg7 44. Rg2 Bxf6 45. Kh5+ Bg5
46. Rxg5+ Kf8 47. Rg2 Rf1 48. Kg4 h5+ 49. Kg5 Kg7 50. Kxh5+ Kh7 51. Kg5 Rb1 52.
Kf6 Rf1 53. Rg4 Kh6 54. Kxf7 Kh5 55. Rg5+ Kxh4 56. Kxe6 Rxf4 57. Rf5 Ra4 58.
Kf6 Rxa2 59. e6 Kg4 60. e7 b5 61. e8=Q Ra6+ 62. Ke5 1-0

[Event "25. Open Internacional de Parla 2010"]
[Site "Parla ESP"]
[Date "2010.09.10"]
[Round "7.30"]
[White "Quintero Torres, Pedro"]
[Black "Ruiz Escobar, Israel"]
[Result "1-0"]
[WhiteElo "2006"]
[BlackElo "1815"]
[PlyCount "73"]
[EventDate "2010.09.04"]
[EventType "swiss"]
[EventRounds "9"]
[EventCountry "ESP"]
[Source "lmi"]
[SourceDate "2010.09.04"]

1. e4 c6 2. d4 d5 3. exd5 cxd5 4. Bd3 Nf6 5. c3 Bg4 6. Qb3 Qb6 7. Qxb6 axb6 8.
Bf4 Nc6 9. Nd2 e6 10. Ngf3 Be7 11. Ne5 O-O 12. Nxg4 Nxg4 13. h3 Nf6 14. Nf3 Nd7
15. O-O Na7 16. Rfe1 b5 17. a3 Nb6 18. Re2 Nc4 19. a4 b4 20. Bxc4 dxc4 21. Ne5
Bd6 22. Bd2 Bxe5 23. Rxe5 b3 24. Bf4 Nc6 25. Rc5 Na5 26. Bc7 Rfc8 27. Rxa5 Rxa5
28. Bxa5 Ra8 29. Bb4 b5 30. a5 h6 31. a6 Kh7 32. a7 Kg6 33. Bc5 Kf5 34. Kf1 Ke4
35. Ke2 g5 36. f3+ Kd5 37. Ra6 1-0

[Event "25. Open Internacional de Parla 2010"]
[Site "Parla ESP"]
[Date "2010.09.10"]
[Round "7.31"]
[White "Sanchez Garcia, Manuel"]
[Black "De la Orden Alcocer, Alejandro"]
[Result "1-0"]
[WhiteElo "2002"]
[BlackElo "1798"]
[PlyCount "77"]
[EventDate "2010.09.04"]
[EventType "swiss"]
[EventRounds "9"]
[EventCountry "ESP"]
[Source "lmi"]
[SourceDate "2010.09.04"]

1. c4 Nf6 2. Nc3 c5 3. Nf3 Nc6 4. d4 cxd4 5. Nxd4 g6 6. e4 Qb6 7. Nc2 d6 8. Nd5
Nxd5 9. cxd5 Ne5 10. Be2 Bg7 11. O-O O-O 12. Rb1 Qc7 13. b3 f5 14. f4 Ng4 15.
Bxg4 fxg4 16. Be3 Bd7 17. Nd4 Rf6 18. Rc1 Qa5 19. Rf2 e5 20. dxe6 Bxe6 21. Rfc2
Qb6 22. Nf5 gxf5 23. Bxb6 axb6 24. e5 dxe5 25. fxe5 Rh6 26. Qd2 f4 27. Qxf4 Rf8
28. Qg3 Rh5 29. Re1 Rhf5 30. Rc7 Bh6 31. Qxg4+ Kh8 32. Qe2 Bf4 33. g3 Rg5 34.
Qe4 Rff5 35. Kh1 Bxe5 36. Re7 Bg8 37. Rxe5 Rxe5 38. Qxe5+ Rxe5 39. Rxe5 1-0

[Event "25. Open Internacional de Parla 2010"]
[Site "Parla ESP"]
[Date "2010.09.10"]
[Round "7.32"]
[White "Suarez Sanchez, Esperanza"]
[Black "Bote Kobolo, Benjamin"]
[Result "0-1"]
[WhiteElo "1844"]
[BlackElo "1969"]
[PlyCount "82"]
[EventDate "2010.09.04"]
[EventType "swiss"]
[EventRounds "9"]
[EventCountry "ESP"]
[Source "lmi"]
[SourceDate "2010.09.04"]

1. d4 Nf6 2. g3 d5 3. Bg2 e6 4. Nf3 Be7 5. O-O h5 6. Bg5 Ne4 7. Bxe7 Qxe7 8.
Ne5 Nd7 9. Nxd7 Bxd7 10. f3 Nf6 11. Nd2 h4 12. Kf2 O-O-O 13. c3 hxg3+ 14. hxg3
e5 15. Rh1 Nh5 16. dxe5 Qxe5 17. f4 Qd6 18. e3 Nf6 19. Bf3 Rde8 20. Nb3 Rxh1
21. Qxh1 Ng4+ 22. Bxg4 Bxg4 23. Qh4 f5 24. Qh1 c5 25. Rc1 b6 26. Rc2 Qe6 27. e4
fxe4 28. Ke3 Bf3 29. Qh4 Qc6 30. Qg5 Qd7 31. Rh2 Rd8 32. Rd2 a5 33. Qe5 a4 34.
Nc1 Kb7 35. b4 d4+ 36. cxd4 cxb4 37. d5 Rc8 38. Ne2 Qg4 39. Qe7+ Rc7 40. Qxb4
Bxe2 41. Rxe2 Qf3+ 0-1

[Event "25. Open Internacional de Parla 2010"]
[Site "Parla ESP"]
[Date "2010.09.10"]
[Round "7.34"]
[White "Morona Minguez, Irene"]
[Black "Sanchez Rodriguez, Jaime"]
[Result "0-1"]
[WhiteElo "1815"]
[BlackElo "1958"]
[PlyCount "50"]
[EventDate "2010.09.04"]
[EventType "swiss"]
[EventRounds "9"]
[EventCountry "ESP"]
[Source "lmi"]
[SourceDate "2010.09.04"]

1. e4 d5 2. exd5 Nf6 3. c4 e6 4. dxe6 Bxe6 5. Nf3 Nc6 6. d4 Bb4+ 7. Nc3 Qe7 8.
Qe2 O-O-O 9. d5 Rhe8 10. dxc6 Qc5 11. cxb7+ Kb8 12. Be3 Qa5 13. Rd1 Bxc3+ 14.
bxc3 Qxc3+ 15. Rd2 Bf5 16. Qd1 Ne4 17. Qa4 Nc5 18. Qd1 Ne4 19. Be2 Nxd2 20.
Nxd2 Rd7 21. Bf3 Bc2 22. Qc1 Rxe3+ 23. fxe3 Qxe3+ 24. Kf1 Rxd2 25. Qe1 Bd3+ 0-1

[Event "25. Open Internacional de Parla 2010"]
[Site "Parla ESP"]
[Date "2010.09.10"]
[Round "7.35"]
[White "Prieto Velasco, Rafael"]
[Black "Tirado Parra, Alberto"]
[Result "1/2-1/2"]
[WhiteElo "1758"]
[BlackElo "1951"]
[PlyCount "82"]
[EventDate "2010.09.04"]
[EventType "swiss"]
[EventRounds "9"]
[EventCountry "ESP"]
[Source "lmi"]
[SourceDate "2010.09.04"]

1. d4 f5 2. g3 Nf6 3. Bg2 e6 4. c4 d5 5. Nf3 Bd6 6. e3 c6 7. b3 Qe7 8. O-O b6
9. Nbd2 Bb7 10. Bb2 O-O 11. Ne1 Nbd7 12. Ndf3 Rac8 13. Nd3 c5 14. cxd5 exd5 15.
Nfe5 Ne4 16. Rc1 Kh8 17. Qh5 Kg8 18. Rc2 cxd4 19. Rxc8 Bxc8 20. exd4 Ndf6 21.
Qe2 Ba6 22. Rc1 Bxe5 23. dxe5 Ng4 24. Qd1 Qf7 25. Nb4 Ngxf2 26. Qxd5 Qxd5 27.
Nxd5 Nd3 28. Rc2 Nxb2 29. Rxb2 Rd8 30. Bxe4 fxe4 31. Nb4 Rd1+ 32. Kf2 Bd3 33.
Nxd3 Rxd3 34. Re2 Rf3+ 35. Kg2 Rc3 36. e6 Kf8 37. Kh3 e3 38. Kg4 Ke7 39. Kf5
Rc5+ 40. Kf4 Rc3 41. Kf5 Rc5+ 1/2-1/2

[Event "25. Open Internacional de Parla 2010"]
[Site "Parla ESP"]
[Date "2010.09.10"]
[Round "7.36"]
[White "Montoya Pecurul, Marc"]
[Black "Ramirez Bulnes, Joaquin"]
[Result "1-0"]
[WhiteElo "1629"]
[BlackElo "1946"]
[PlyCount "77"]
[EventDate "2010.09.04"]
[EventType "swiss"]
[EventRounds "9"]
[EventCountry "ESP"]
[Source "lmi"]
[SourceDate "2010.09.04"]

1. e4 c6 2. d4 d5 3. e5 Bf5 4. Bd3 Bxd3 5. Qxd3 e6 6. Nf3 c5 7. c3 Nc6 8. O-O
Qb6 9. dxc5 Bxc5 10. Nbd2 Qc7 11. Nb3 Bb6 12. Bf4 Nge7 13. Rfe1 Ng6 14. Bg3 O-O
15. Nbd4 Rac8 16. Nb5 Qd7 17. Nd6 Rcd8 18. h4 Bc5 19. b4 Ngxe5 20. Bxe5 Bxd6
21. Ng5 g6 22. Bxd6 Qxd6 23. h5 h6 24. Nxe6 Ne5 25. Rxe5 Qxe5 26. Nxd8 Rxd8 27.
hxg6 f5 28. Qd2 Kg7 29. Re1 Qf6 30. Qf4 Rd7 31. Re5 Kxg6 32. Qe3 f4 33. Qd3+
Kg7 34. Rf5 Qg6 35. Qd4+ Kh7 36. Qxf4 Qg7 37. Rf6 Re7 38. Qf5+ Kg8 39. Rg6 1-0

[Event "25. Open Internacional de Parla 2010"]
[Site "Parla ESP"]
[Date "2010.09.10"]
[Round "7.37"]
[White "Hernandez Mateo, Borja"]
[Black "Camarero Izquierdo, Juan Carlos"]
[Result "1/2-1/2"]
[WhiteElo "1617"]
[BlackElo "1941"]
[PlyCount "97"]
[EventDate "2010.09.04"]
[EventType "swiss"]
[EventRounds "9"]
[EventCountry "ESP"]
[Source "lmi"]
[SourceDate "2010.09.04"]

1. e4 c5 2. c3 Nf6 3. e5 Nd5 4. d4 e6 5. Nf3 d6 6. Be3 Nc6 7. Be2 dxe5 8. Nxe5
Nxe5 9. dxe5 Qc7 10. Bb5+ Bd7 11. Bxd7+ Qxd7 12. c4 Nxe3 13. Qxd7+ Kxd7 14.
fxe3 g5 15. O-O Ke7 16. Nd2 Bg7 17. Ne4 h6 18. Nxc5 Bxe5 19. Rad1 Rad8 20. Rxd8
Rxd8 21. Nxb7 Rd2 22. b4 Rxa2 23. c5 Rb2 24. Na5 Bc3 25. Nc6+ Ke8 26. Rd1 Rd2
27. Rxd2 Bxd2 28. Kf2 Kd7 29. Ne5+ Kc7 30. b5 f6 31. Nd3 f5 32. Ke2 Bc3 33. Kd1
Bf6 34. Kc2 e5 35. Nb4 Bg7 36. Nd5+ Kd8 37. Kb3 e4 38. g3 h5 39. Ka4 Be5 40.
Ka5 h4 41. Ka6 h3 42. Kxa7 Bxg3 43. hxg3 h2 44. b6 h1=Q 45. b7 Qa1+ 46. Kb6
Qb2+ 47. Ka7 Qa1+ 48. Kb6 Qb2+ 49. Ka7 1/2-1/2

[Event "25. Open Internacional de Parla 2010"]
[Site "Parla ESP"]
[Date "2010.09.10"]
[Round "7.38"]
[White "Rodriguez Dorado, Victor Manuel"]
[Black "Argumanez Avendaño, Juan Antonio"]
[Result "1-0"]
[WhiteElo "1923"]
[BlackElo "1732"]
[PlyCount "73"]
[EventDate "2010.09.04"]
[EventType "swiss"]
[EventRounds "9"]
[EventCountry "ESP"]
[Source "lmi"]
[SourceDate "2010.09.04"]

1. c4 Nf6 2. Nc3 g6 3. g3 Bg7 4. Bg2 c6 5. e4 d6 6. Nge2 O-O 7. O-O Nbd7 8. d3
e5 9. b4 a5 10. b5 Nc5 11. Be3 Ne6 12. bxc6 bxc6 13. Rb1 Ng4 14. Bb6 Qg5 15. h3
Nh6 16. Be3 Qd8 17. Qa4 Bd7 18. Rb7 Qc8 19. Rfb1 Nc5 20. Bxc5 dxc5 21. Kh2 f5
22. Nd5 cxd5 23. Qxd7 Qxd7 24. Rxd7 dxe4 25. Rbb7 Rf7 26. dxe4 Rxd7 27. Rxd7 f4
28. Nc3 fxg3+ 29. Kxg3 a4 30. h4 Nf7 31. Bh3 Kf8 32. Be6 Nh6 33. Bd5 Rb8 34.
Nxa4 Rb4 35. Nxc5 Bf6 36. Rxh7 Be7 37. Ne6+ 1-0

[Event "25. Open Internacional de Parla 2010"]
[Site "Parla ESP"]
[Date "2010.09.10"]
[Round "7.39"]
[White "Cano Cabanillas, Javier"]
[Black "Rodriguez Lorenzo, Miguel"]
[Result "1-0"]
[WhiteElo "1933"]
[BlackElo "1684"]
[PlyCount "129"]
[EventDate "2010.09.04"]
[EventType "swiss"]
[EventRounds "9"]
[EventCountry "ESP"]
[Source "lmi"]
[SourceDate "2010.09.04"]

1. e4 Nf6 2. e5 Nd5 3. d4 d6 4. c4 Nb6 5. exd6 cxd6 6. Nc3 Nc6 7. Be3 g6 8. Rc1
Bg7 9. b3 O-O 10. Nf3 Bg4 11. Be2 e6 12. O-O d5 13. c5 Nd7 14. h3 Bxf3 15. Bxf3
b6 16. cxb6 Qxb6 17. Bxd5 exd5 18. Nxd5 Qb7 19. Rxc6 Qb5 20. Qf3 Qa5 21. Rc2
Rad8 22. Rfc1 Nb8 23. Nf6+ Kh8 24. Ng4 Na6 25. Bh6 Bxh6 26. Nxh6 Kg7 27. Ng4
Qg5 28. Qe3 Qxe3 29. fxe3 Nb4 30. Rc4 a5 31. Ne5 Rfe8 32. Rc7 Rf8 33. Nc6 Ra8
34. Nxb4 axb4 35. R1c2 Rfe8 36. Kf2 Re6 37. R7c4 Rb8 38. d5 Rd6 39. Rd4 Rb5 40.
e4 Kf6 41. Ke3 h6 42. Rf2+ Kg7 43. Kd3 g5 44. Kc4 Rb7 45. e5 Rd8 46. d6 Rc8+
47. Kd5 Rb5+ 48. Ke4 Rb7 49. d7 Rd8 50. Rfd2 Kg6 51. Rd6+ Kg7 52. Kf5 Rb5 53.
R2d5 Rb7 54. e6 fxe6+ 55. Kxe6 Kf8 56. Rf5+ Kg7 57. Ke7 Rdb8 58. Rf7+ Kg8 59.
Rg6+ Kh8 60. Rxh6+ Kg8 61. Rg6+ Kh8 62. Rgf6 Kg8 63. Rf8+ Rxf8 64. Rxf8+ Kg7
65. Rf2 1-0

[Event "25. Open Internacional de Parla 2010"]
[Site "Parla ESP"]
[Date "2010.09.10"]
[Round "7.40"]
[White "Gutierrez Gonzalez, Francisco Javier"]
[Black "Zhynguel Zhynguel, Alex"]
[Result "1-0"]
[WhiteElo "1918"]
[BlackElo "1680"]
[PlyCount "79"]
[EventDate "2010.09.04"]
[EventType "swiss"]
[EventRounds "9"]
[EventCountry "ESP"]
[Source "lmi"]
[SourceDate "2010.09.04"]

1. c4 b6 2. Nc3 Bb7 3. d4 e6 4. e4 Bb4 5. Bd3 Nf6 6. f3 h6 7. Nge2 Nc6 8. Be3
Nh5 9. Qc2 Bd6 10. O-O-O Nb4 11. Qb3 a5 12. e5 Be7 13. Be4 Bxe4 14. Nxe4 a4 15.
Qa3 g6 16. Bd2 c5 17. g4 Ng7 18. Kb1 Qc7 19. Nf6+ Kf8 20. h4 Ne8 21. g5 h5 22.
f4 Kg7 23. Qf3 Ra7 24. d5 Qb7 25. Rh3 Qa6 26. a3 Qxc4 27. axb4 cxb4 28. Rc1 Qa6
29. Qd3 Qb7 30. d6 Bd8 31. Bxb4 Nxf6 32. gxf6+ Kh7 33. Ng3 b5 34. Nxh5 Qg2 35.
Rg3 Qh2 36. Rcg1 Kg8 37. Rxg6+ Kf8 38. Rg7 Qxh4 39. Qh7 Qxh5 40. Rg8+ 1-0

[Event "25. Open Internacional de Parla 2010"]
[Site "Parla ESP"]
[Date "2010.09.10"]
[Round "7.41"]
[White "Fernandez Gil, Ruben C"]
[Black "Laynez Aspenberg, Jose"]
[Result "1/2-1/2"]
[WhiteElo "1719"]
[BlackElo "1912"]
[PlyCount "67"]
[EventDate "2010.09.04"]
[EventType "swiss"]
[EventRounds "9"]
[EventCountry "ESP"]
[Source "lmi"]
[SourceDate "2010.09.04"]

1. e4 d5 2. exd5 Qxd5 3. Nc3 Qa5 4. d4 Nf6 5. Nf3 Bf5 6. Bc4 e6 7. O-O Nbd7 8.
Bf4 Bd6 9. Bxd6 cxd6 10. d5 e5 11. Nb5 Qb6 12. Nh4 Bg6 13. Nxg6 hxg6 14. Qd2 a6
15. Nc3 O-O 16. Bb3 Qb4 17. Qg5 Rac8 18. a3 Qg4 19. Qxg4 Nxg4 20. Ne4 Nc5 21.
Nxd6 Rcd8 22. Nc4 Nxb3 23. cxb3 Rxd5 24. h3 Nh6 25. Rfd1 Rfd8 26. Ne3 Rxd1+ 27.
Rxd1 Rxd1+ 28. Nxd1 Nf5 29. Kf1 Nd4 30. b4 f5 31. Ke1 Kf7 32. Kd2 Ke6 33. Kd3
b5 34. f3 1/2-1/2

[Event "25. Open Internacional de Parla 2010"]
[Site "Parla ESP"]
[Date "2010.09.10"]
[Round "7.44"]
[White "Corisco Beltran, Rafael"]
[Black "Garcia Hernandez, Javier"]
[Result "1/2-1/2"]
[WhiteElo "1808"]
[BlackElo "1654"]
[PlyCount "88"]
[EventDate "2010.09.04"]
[EventType "swiss"]
[EventRounds "9"]
[EventCountry "ESP"]
[Source "lmi"]
[SourceDate "2010.09.04"]

1. e4 e6 2. d4 d5 3. Nd2 Nf6 4. e5 Nfd7 5. c3 c5 6. Bd3 Nc6 7. Ne2 Qb6 8. Nf3
cxd4 9. cxd4 Bb4+ 10. Bd2 Bxd2+ 11. Qxd2 Qb4 12. O-O Qxd2 13. Nxd2 f6 14. f4 f5
15. Rac1 Nb4 16. Bb1 b6 17. Rf3 Bb7 18. Rfc3 Ke7 19. a3 Na6 20. b4 b5 21. Bd3
Rac8 22. Bxb5 Rxc3 23. Rxc3 Rc8 24. Nb3 Rxc3 25. Nxc3 Bc8 26. Na5 Nab8 27. Kf2
a6 28. Bxd7 Bxd7 29. a4 Kd8 30. Ke3 Nc6 31. Nxc6+ Bxc6 32. Kd3 Kc7 33. Kc2 Kb6
34. Kb3 Be8 35. Ka3 Bd7 36. Ne2 Be8 37. Nc1 Bd7 38. Nd3 Kc6 39. Nc5 Bc8 40.
Nxa6 Bxa6 41. b5+ Bxb5 42. axb5+ Kxb5 43. Kb3 h5 44. g3 Ka5 1/2-1/2